Statistics for Capitals of Oceania in one Minute

Click here to take the quiz!

General Stats

  • This quiz has been taken 14 times
  • The average score is 11 of 14

Answers on the Map

Answers color-coded by a green-red scale on the quiz's map according to % correct below.
 

Answer Stats

CountryAnswer% Correct
AustraliaCanberra
100%
New ZealandWellington
100%
Papua New GuineaPort Moresby
92%
PalauNgerulmud
83%
FijiSuva
83%
SamoaApia
75%
Solomon IslandsHoniara
75%
F. S MicronesiaPalikir
75%
VanuatuPort Vila
75%
KiribatiTarawa / South Tarawa
75%
TuvaluFunafuti
67%
Marshall IslandsMajuro
67%
TongaNuku'alofa
58%
NauruYaren
58%

Score Distribution

Percentile by Number Answered

Percent of People with Each Score

Your Score History

You have not taken this quiz